000 00456nam a22001577a 4500
999 _c11969
_d11969
008 210115b ||||| |||| 00| 0 eng d
082 0 0 _a669.95
_bC5213
100 _94225
_aCherepin, V. I.
245 1 0 _aExperimental techniques in physical metallurgy
_cBy V. I. Cherepin
260 _acalcutta
_bAsia Publishing house
_c1967
300 _axi,428 p.
365 _d30.00
650 0 _aPhysical Metallurgy
700 _92187
_aMallik, A.K.
942 _cBK